[Event "9th WCh U20 Girls"]
[Site "Mamaia ROM"]
[Date "1991.??.??"]
[Round "?"]
[White "Csoke, Adrienn"]
[Black "Lewandowska, Katarzyna"]
[Result "1-0"]
[WhiteElo "2235"]
[BlackElo "2145"]
[EventDate "1991.08.??"]
[PlyCount "103"]

1.e4 d5 2.exd5 Nf6 3.d4 Nxd5 4.c4 Nb6 5.Bf4 Bf5 6.Nc3 e6 7.Nf3 Be7 8.Qb3 
Qc8 9.Ne5 Nc6 10.Nxc6 bxc6 11.Be2 O-O 12.O-O Rb8 13.Rad1 Nd5 14.Nxd5 exd5 
15.Qc3 Re8 16.Bf3 g5 17.Be3 Qa6 18.g4 Bg6 19.cxd5 cxd5 20.Bxd5 Qe2 21.h3 
Qxb2 22.Qxc7 Rbc8 23.Qxa7 Bd6 24.Qb7 Qa3 25.Qb3 Qa5 26.Bd2 Qc7 27.Rc1 Bh2+
28.Kh1 Qd6 29.Rxc8 Rxc8 30.Qf3 h6 31.Be3 Rd8 32.Be4 Bf4 33.Bxg6 fxg6 34.
Rc1 Qd5 35.Qxd5+ Rxd5 36.Kg2 Ra5 37.Bxf4 gxf4 38.Rc2 Kf7 39.h4 g5 40.hxg5 
hxg5 41.Kf3 Ke6 42.Ke4 Kd6 43.Rb2 Ra6 44.Kf5 Ra5+ 45.Kf6 Kd5 46.Kxg5 Ke4+ 
47.Kh4 Kxd4 48.Rb4+ Ke5 49.a4 Ra8 50.f3 Rh8+ 51.Kg5 Rg8+ 52.Kh6 1-0

[Event "9th WCh U20 Girls"]
[Site "Mamaia ROM"]
[Date "1991.??.??"]
[Round "?"]
[White "Bojkovic, Natasa"]
[Black "Gjergji, Rozana"]
[Result "1-0"]
[WhiteElo "2310"]
[BlackElo "2065"]
[EventDate "1991.08.??"]
[PlyCount "65"]

1.e4 e5 2.Nf3 Nc6 3.Bb5 a6 4.Ba4 d6 5.Bxc6+ bxc6 6.d4 exd4 7.Qxd4 c5 8.Qd3
Be7 9.Nc3 Nf6 10.Bf4 Bb7 11.O-O-O Nh5 12.Be3 Qd7 13.Bxc5 Nf4 14.Qf1 Qg4 
15.Bd4 c5 16.h3 Qg6 17.Be3 Nxg2 18.Bd2 Nh4 19.Rg1 Qe6 20.Nxh4 Bxh4 21.Rxg7
Bf6 22.Rg3 O-O-O 23.Nd5 Bd4 24.Be3 Bf6 25.Nxf6 Qxa2 26.Nd5 Qa1+ 27.Kd2 
Qxb2 28.Rb1 Qe5 29.Qc4 f5 30.Qb3 Bxd5 31.exd5 Kd7 32.Qb7+ Ke8 33.Qc6+ 1-0

[Event "9th WCh U20 Girls"]
[Site "Mamaia ROM"]
[Date "1991.??.??"]
[Round "?"]
[White "Peptan, Corina-Isabela"]
[Black "Bojkovic, Natasa"]
[Result "0-1"]
[WhiteElo "2050"]
[BlackElo "2310"]
[EventDate "1991.08.??"]
[PlyCount "104"]

1.e4 c5 2.Nf3 e6 3.c3 Nf6 4.e5 Nd5 5.d4 cxd4 6.cxd4 d6 7.Nc3 Nxc3 8.bxc3 
Qc7 9.Bd2 Nd7 10.exd6 Bxd6 11.Bd3 b6 12.O-O Bb7 13.h3 O-O 14.Re1 Bf4 15.
Bxf4 Qxf4 16.Ne5 Nxe5 17.Rxe5 Rac8 18.Re3 Rc7 19.Rc1 g6 20.Bf1 Rd8 21.a4 
Qd6 22.Qb3 Qc6 23.Rd1 Rd5 24.c4 Rg5 25.d5 exd5 26.cxd5 Rxd5 27.Rxd5 Qxd5 
28.Re8+ Kg7 29.Qb1 f6 30.Qb4 Qc5 31.Qd2 Bd5 32.Rd8 Bf7 33.Rd7 Qc6 34.Rd6 
Qxa4 35.Rd4 Qc2 36.Qb4 Qc5 37.Qd2 a5 38.Rh4 Qc1 39.Qd8 Qc5 40.Rd4 Qe5 41.
Rd6 Qe7 42.Qxe7 Rxe7 43.Rxb6 Ra7 44.Rb1 a4 45.Ra1 a3 46.Bd3 f5 47.f4 a2 
48.Kf2 Ra3 49.Ke2 Bd5 50.g4 fxg4 51.hxg4 h5 52.Bxg6 hxg4 0-1

[Event "9th WCh U20 Girls"]
[Site "Mamaia ROM"]
[Date "1991.??.??"]
[Round "?"]
[White "Johansson, Viktoria"]
[Black "Koen, Maia"]
[Result "1-0"]
[WhiteElo "2130"]
[BlackElo "2215"]
[EventDate "1991.08.??"]
[PlyCount "67"]

1.d4 Nf6 2.c4 e6 3.Nc3 Bb4 4.e3 O-O 5.Bd3 c5 6.Ne2 cxd4 7.exd4 d5 8.cxd5 
Nxd5 9.O-O Nc6 10.Bc2 Bd6 11.Nxd5 exd5 12.Bf4 Bxf4 13.Nxf4 Qg5 14.g3 Rd8 
15.Qd3 g6 16.Qd2 Bg4 17.Bb3 a5 18.f3 Be6 19.Ba4 Ne7 20.Qf2 Bd7 21.Bc2 Rac8
22.Rfe1 Bc6 23.Re5 Qf6 24.Rae1 Rc7 25.Ng2 Nc8 26.Ne3 Qd6 27.Ng4 h5 28.Nh6+
Kg7 29.Qe3 Rh8 30.Rxh5 Qd8 31.Nf5+ gxf5 32.Rxh8 Qxh8 33.Qg5+ Kf8 34.Qd8+ 
1-0

[Event "9th WCh U20 Girls"]
[Site "Mamaia ROM"]
[Date "1991.??.??"]
[Round "?"]
[White "Hernandez Bonilla, Amelia"]
[Black "Botsari, Anna-Maria"]
[Result "0-1"]
[WhiteElo "2055"]
[BlackElo "2285"]
[EventDate "1991.08.??"]
[PlyCount "106"]

1.Nf3 d5 2.d4 Nf6 3.e3 c5 4.c3 Nbd7 5.Ne5 Qc7 6.f4 g6 7.Bd3 Bg7 8.Nd2 O-O 
9.O-O Ne8 10.Qf3 Nb6 11.Qg3 Nd6 12.Kh1 f6 13.Nef3 Bf5 14.Bxf5 Nxf5 15.Qf2 
cxd4 16.Nxd4 Qd7 17.Nxf5 Qxf5 18.e4 dxe4 19.Re1 e3 20.Rxe3 e5 21.Rf3 e4 
22.Re3 Rfe8 23.Nf1 Rad8 24.Re1 Qb5 25.Be3 Nc4 26.b3 Nxe3 27.Nxe3 f5 28.
Rac1 Rd3 29.Qe2 Qc5 30.c4 Red8 31.Nd5 b5 32.Red1 bxc4 33.bxc4 Rxd1+ 34.
Rxd1 Rb8 35.Qc2 h5 36.Qa4 Kh7 37.Qa6 Rc8 38.Nf6+ Kh6 39.Nd7 Qxc4 40.Qxa7 
Rc7 41.Qb6 Bd4 42.Qd6 Qa4 43.Qf8+ Bg7 44.Qd6 e3 45.Ne5 Bxe5 46.fxe5 Rd7 
47.Qf8+ Kh7 48.Rxd7+ Qxd7 49.h4 Qc7 50.e6 e2 51.Qb4 Qe5 52.Qe7+ Qg7 53.Qb4
Qa1+ 0-1

[Event "9th WCh U20 Girls"]
[Site "Mamaia ROM"]
[Date "1991.??.??"]
[Round "?"]
[White "Bojkovic, Natasa"]
[Black "Orita, Ana-Maria"]
[Result "1-0"]
[WhiteElo "2310"]
[BlackElo "2025"]
[EventDate "1991.08.??"]
[PlyCount "59"]

1.e4 c5 2.Nf3 Nc6 3.c3 Nf6 4.e5 Nd5 5.d4 cxd4 6.cxd4 d6 7.Bc4 Nb6 8.Bb5 
dxe5 9.Nxe5 Bd7 10.Bxc6 Bxc6 11.Nxc6 bxc6 12.O-O g6 13.Re1 Bg7 14.Bg5 Nc8 
15.Be3 O-O 16.Nc3 Nd6 17.d5 cxd5 18.Nxd5 e6 19.Nc3 Nc4 20.Qe2 Nxe3 21.Qxe3
Qb6 22.Qd2 Rfd8 23.Qc2 Rac8 24.Rad1 Rd4 25.Rxd4 Qxd4 26.Rd1 Qc4 27.g3 Qxa2
28.Rd8+ Bf8 29.Rxc8 Qa1+ 30.Nd1 1-0

[Event "9th WCh U20 Girls"]
[Site "Mamaia ROM"]
[Date "1991.??.??"]
[Round "?"]
[White "Peptan, Corina-Isabela"]
[Black "Botsari, Anna-Maria"]
[Result "0-1"]
[WhiteElo "2050"]
[BlackElo "2285"]
[EventDate "1991.08.??"]
[PlyCount "58"]

1.e4 e5 2.Nf3 Nc6 3.Bc4 Bc5 4.c3 Nf6 5.d3 a6 6.O-O Ba7 7.Be3 d6 8.Bb3 O-O 
9.Nbd2 h6 10.a4 Ne7 11.Nc4 Ng6 12.Re1 Nh7 13.d4 Qf6 14.dxe5 dxe5 15.Bxa7 
Rxa7 16.Ne3 c6 17.Nf5 Ra8 18.Qe2 Ng5 19.Nxg5 hxg5 20.Ng3 Nf4 21.Qe3 g6 22.
Rad1 Kg7 23.Qc5 g4 24.Rd6 Qg5 25.a5 Rh8 26.Bc4 Be6 27.Bxe6 Nxe6 28.Qe3 Nf4
29.Qc5 Rae8 0-1

[Event "9th WCh U20 Girls"]
[Site "Mamaia ROM"]
[Date "1991.??.??"]
[Round "?"]
[White "Hernandez Bonilla, Amelia"]
[Black "Radu, Elena-Luminita"]
[Result "1-0"]
[WhiteElo "2055"]
[BlackElo "2270"]
[EventDate "1991.08.??"]
[PlyCount "119"]

1.d4 d5 2.Nf3 Nc6 3.e3 Bg4 4.c4 e6 5.Nc3 Bb4 6.Bd2 Nge7 7.Rc1 O-O 8.cxd5 
Nxd5 9.Be2 Nf6 10.O-O h6 11.h3 Bf5 12.Na4 Be7 13.a3 Ne4 14.b4 a5 15.b5 Na7
16.Qb3 Nc8 17.Rfd1 Ncd6 18.Ne5 Nxd2 19.Rxd2 Ne4 20.Ra2 Bd6 21.Nf3 Qe7 22.
Nc3 a4 23.Nxa4 Ra5 24.Nc3 Bxa3 25.Rca1 Rfa8 26.Nxe4 Bxe4 27.Nd2 Bd5 28.Bc4
Bb4 29.Bxd5 exd5 30.Rxa5 Rxa5 31.Rxa5 Bxa5 32.Nf3 Qd6 33.Qa2 Qb4 34.Qxd5 
c6 35.bxc6 Bc7 36.g3 bxc6 37.Qxc6 Qb8 38.Kg2 g6 39.Qd5 Bxg3 40.fxg3 Qb2+ 
41.Kf1 Qc1+ 42.Ke2 Qh1 43.e4 Qxh3 44.Qb5 Qg2+ 45.Ke3 Qh1 46.Qb8+ Kh7 47.
Qc7 Kg8 48.Qc8+ Kh7 49.Qc4 Kg8 50.d5 Qd1 51.Qd3 Qc1+ 52.Qd2 Qc5+ 53.Ke2 g5
54.Nd4 g4 55.Nf5 Qc4+ 56.Ke3 Qb3+ 57.Qd3 Qb6+ 58.Qd4 Qb3+ 59.Kf4 Qf3+ 60.
Ke5 1-0

[Event "9th WCh U20 Girls"]
[Site "Mamaia ROM"]
[Date "1991.??.??"]
[Round "?"]
[White "Berntsen, Sheila Barth"]
[Black "Regan, Natasha"]
[Result "0-1"]
[WhiteElo "2125"]
[BlackElo "2195"]
[EventDate "1991.08.??"]
[PlyCount "108"]

1.d4 Nf6 2.c4 g6 3.Nc3 Bg7 4.e4 d6 5.Nf3 O-O 6.Be2 Bg4 7.O-O Nfd7 8.Be3 
Nc6 9.Ne1 Bxe2 10.Nxe2 Na5 11.Rc1 c5 12.Nd3 Nc6 13.d5 Nd4 14.f4 e6 15.Nf2 
Nxe2+ 16.Qxe2 exd5 17.exd5 Qa5 18.Ne4 Rfe8 19.Qd3 f5 20.Nf2 Qxa2 21.Rc3 
Qa5 22.Bd2 Qc7 23.g4 fxg4 24.Nxg4 Nf6 25.Nxf6+ Bxf6 26.f5 Qg7 27.Rb3 b6 
28.fxg6 Bd4+ 29.Kh1 hxg6 30.Bf4 Rad8 31.Qg3 Rf8 32.Rbf3 Rf6 33.Bg5 Rxf3 
34.Rxf3 Be5 35.Qh3 Re8 36.Qg4 Bd4 37.Qg3 Qe5 38.Bf4 Qe1+ 39.Kg2 Re2+ 40.
Kh3 Qxg3+ 41.Rxg3 Kg7 42.Bxd6 Bxb2 43.Rd3 a5 44.Bg3 Kf7 45.d6 Bd4 46.Rb3 
Rb2 47.Rf3+ Ke8 48.Rf1 Re2 49.Rb1 Bb2 50.Rd1 Kd7 51.Rf1 Be5 52.Rb1 Rb2 53.
Rf1 Bxg3 54.Kxg3 a4 0-1

[Event "9th WCh U20 Girls"]
[Site "Mamaia ROM"]
[Date "1991.??.??"]
[Round "?"]
[White "Deno, Mara"]
[Black "Repkova, Eva"]
[Result "0-1"]
[WhiteElo "2150"]
[BlackElo "2170"]
[EventDate "1991.08.??"]
[PlyCount "122"]

1.e4 e6 2.Qe2 c5 3.f4 Nc6 4.Nf3 Nf6 5.Nc3 Be7 6.d3 d5 7.e5 Nd7 8.g3 b5 9.
Bh3 b4 10.Nd1 Qc7 11.O-O a5 12.Nf2 O-O 13.Re1 Nb6 14.g4 Bd7 15.Nh1 Nd4 16.
Nxd4 cxd4 17.Qf2 f6 18.exf6 Bxf6 19.Ng3 Rac8 20.Re2 e5 21.Nh5 Bg5 22.f5 
Bxc1 23.Rxc1 Rce8 24.Qh4 e4 25.Qg5 Bb5 26.Rce1 Qe5 27.Bg2 e3 28.Qf4 a4 29.
b3 g6 30.Qg5 Kh8 31.Ng3 Bd7 32.Qh6 Qg7 33.Qxg7+ Kxg7 34.Bh3 Rc8 35.Rb1 a3 
36.Rf1 Na8 37.Rf4 Nc7 38.Rxd4 Rfe8 39.Nf1 Nb5 40.Rxb4 d4 41.Ng3 Bc6 42.Re1
Re5 43.Ne2 Rd8 44.Rc4 Bf3 45.Nf4 gxf5 46.gxf5 Kf6 47.Ne6 Rg8+ 48.Kf1 Bg4 
49.Bxg4 Rxg4 50.Nc5 Rxf5+ 51.Ke2 Nc3+ 52.Rxc3 Rg2+ 53.Kd1 dxc3 54.Ne4+ Ke5
55.Nxc3 Rff2 56.Ne2 Rxh2 57.b4 h5 58.c4 h4 59.b5 h3 60.Ng1 Kd4 61.b6 Kxd3 
0-1

[Event "9th WCh U20 Girls"]
[Site "Mamaia ROM"]
[Date "1991.??.??"]
[Round "?"]
[White "Radu, Elena-Luminita"]
[Black "Peptan, Corina-Isabela"]
[Result "1-0"]
[WhiteElo "2270"]
[BlackElo "2050"]
[EventDate "1991.08.??"]
[PlyCount "61"]

1.e4 c5 2.Nf3 d6 3.d4 cxd4 4.Qxd4 Nc6 5.Bb5 e5 6.Qd3 Nf6 7.O-O Be7 8.Rd1 
h6 9.c4 O-O 10.Bxc6 bxc6 11.Nc3 Bg4 12.h3 Be6 13.b3 Qc7 14.Bb2 Nh5 15.Rac1
Nf4 16.Qe3 f5 17.Nd5 cxd5 18.cxd5 Qb6 19.Rc6 Qxe3 20.fxe3 Ne2+ 21.Kf2 fxe4
22.dxe6 exf3 23.gxf3 e4 24.Kxe2 Rxf3 25.Rg1 Bg5 26.Bd4 Rxh3 27.Rc7 Re8 28.
Rxg7+ Kf8 29.Rh7 Rf3 30.Rc1 Bf6 31.Rf7+ 1-0

[Event "9th WCh U20 Girls"]
[Site "Mamaia ROM"]
[Date "1991.??.??"]
[Round "?"]
[White "Claus, Caroline"]
[Black "Koen, Maia"]
[Result "0-1"]
[WhiteElo "2100"]
[BlackElo "2215"]
[EventDate "1991.08.??"]
[PlyCount "108"]

1.e4 e6 2.d4 d5 3.Nc3 Bb4 4.e5 c5 5.a3 Bxc3+ 6.bxc3 Ne7 7.Qg4 Qc7 8.Qxg7 
Rg8 9.Qxh7 cxd4 10.Ne2 dxc3 11.f4 b6 12.Nd4 a6 13.Be3 Nd7 14.Rb1 Bb7 15.
Rg1 Rf8 16.g3 Nc5 17.Rb4 O-O-O 18.h4 Nc6 19.Nxc6 Qxc6 20.Bd3 d4 21.Bf2 Rh8
22.Qxf7 Nxd3+ 23.cxd3 c2 24.Kd2 Qc3+ 25.Ke2 Bd5 26.Rc1 Rd7 27.Qg6 Rc7 28.
Bxd4 Qxa3 29.Rb2 Bb3 30.Qe4 Rd8 31.Qe3 a5 32.Rxb3 Qxb3 33.Bxb6 Rdd7 34.
Bxc7 Rxc7 35.Qd4 a4 36.Kd2 a3 37.h5 Qb2 38.Qa4 a2 39.Qa6+ Kd7 40.Qa4+ Ke7 
41.h6 Qc3+ 42.Ke2 a1=Q 43.Qxa1 Qxa1 44.Rxa1 c1=Q 45.Rxc1 Rxc1 46.g4 Kf7 
47.g5 Rh1 48.d4 Kg6 49.d5 exd5 50.Ke3 Kf5 51.Kd4 Ke6 52.Ke3 Rh4 53.Kd3 
Rxf4 54.Ke3 Rh4 0-1

[Event "9th WCh U20 Girls"]
[Site "Mamaia ROM"]
[Date "1991.??.??"]
[Round "?"]
[White "Hernandez Bonilla, Amelia"]
[Black "Martin del Campo, Astrid"]
[Result "1-0"]
[WhiteElo "2055"]
[BlackElo "2260"]
[EventDate "1991.08.??"]
[PlyCount "71"]

1.e4 e5 2.Nf3 Nc6 3.Bb5 Bc5 4.c3 f5 5.d3 fxe4 6.dxe4 Nf6 7.O-O O-O 8.Nbd2 
d6 9.h3 Qe7 10.Nh2 a6 11.Bc4+ Be6 12.Qe2 Bxc4 13.Nxc4 b5 14.Nd2 Qf7 15.g3 
Qe6 16.Kg2 Rf7 17.Nb3 Bb6 18.Be3 Bxe3 19.Qxe3 Nd7 20.Ng4 Raf8 21.Nd2 Nb6 
22.Qe2 Ne7 23.b3 Ra8 24.Rae1 Raf8 25.Qe3 Ng6 26.Nh2 Qe8 27.Ndf3 h6 28.Ng1 
Rf6 29.Ne2 Re6 30.Ng4 Qe7 31.Qd2 Qe8 32.Ng1 Re7 33.Qe3 Ref7 34.Nh2 Rf6 35.
Ne2 Re6 36.Kh1 1-0

[Event "9th WCh U20 Girls"]
[Site "Mamaia ROM"]
[Date "1991.??.??"]
[Round "?"]
[White "Dzhandzhgava, Nadia"]
[Black "Claus, Caroline"]
[Result "1/2-1/2"]
[WhiteElo "2210"]
[BlackElo "2100"]
[EventDate "1991.08.??"]
[PlyCount "186"]

1.Nf3 Nf6 2.e3 g6 3.b3 Bg7 4.Bb2 O-O 5.d4 d5 6.Bd3 c5 7.O-O cxd4 8.exd4 
Nc6 9.a3 Qb6 10.c4 dxc4 11.Bxc4 Bg4 12.Nbd2 Rad8 13.h3 Bxf3 14.Nxf3 Nh5 
15.Qe2 e6 16.Rad1 Nxd4 17.Nxd4 Bxd4 18.Bxd4 Rxd4 19.Rxd4 Qxd4 20.Rd1 Qb6 
21.Qd2 Qc5 22.Qd7 Qc8 23.Be2 Nf6 24.Qd4 Nd5 25.Qxa7 Qc2 26.Bf3 Qxb3 27.h4 
h5 28.Qd4 Qxa3 29.Bxd5 Rd8 30.Qb6 Rxd5 31.Rxd5 exd5 32.Qxb7 Qc1+ 33.Kh2 
Qf4+ 34.Kg1 d4 35.g3 Qe5 36.Qf3 Kg7 37.Qd3 Qe1+ 38.Kg2 Qc3 39.Qd1 Qc6+ 40.
Kg1 Qe4 41.Qa1 Qd3 42.Qa5 Qf5 43.Qd2 Qc5 44.Qe2 Kh7 45.Qe4 Qd6 46.Qd3 Qe5 
47.Qc4 Kg7 48.Kg2 Qe4+ 49.Kf1 Qb1+ 50.Kg2 Qb7+ 51.Kg1 Qd7 52.Qd3 Qd6 53.
Kg2 Qc6+ 54.Kf1 Qc3 55.Ke2 Qb2+ 56.Ke1 Kf6 57.Qf3+ Kg7 58.Qd3 Qa1+ 59.Ke2 
Qb2+ 60.Ke1 Qb4+ 61.Ke2 Qe7+ 62.Kf1 Qe5 63.Kg2 f5 64.Qc4 f4 65.Qc6 fxg3 
66.fxg3 Qe2+ 67.Kg1 Qe3+ 68.Kg2 Qe2+ 69.Kg1 d3 70.Qd7+ Kf6 71.Qd8+ Ke5 72.
Qe7+ Kd4 73.Qd6+ Kc4 74.Qc6+ Kb3 75.Qb5+ Kc2 76.Qa4+ Kc1 77.Qa3+ Kd1 78.
Qa1+ Kc2 79.Qa4+ Kc3 80.Qa3+ Kc4 81.Qa4+ Kd5 82.Qb5+ Ke4 83.Qc4+ Ke5 84.
Qc5+ Ke6 85.Qc4+ Ke5 86.Qc5+ Kf6 87.Qd6+ Kf7 88.Qd7+ Kf6 89.Qd8+ Kg7 90.
Qc7+ Kf6 91.Qd6+ Kf5 92.Qd4 Ke6 93.Qc4+ Kf6 1/2-1/2

[Event "9th WCh U20 Girls"]
[Site "Mamaia ROM"]
[Date "1991.??.??"]
[Round "?"]
[White "Orita, Ana-Maria"]
[Black "Botsari, Anna-Maria"]
[Result "1/2-1/2"]
[WhiteElo "2025"]
[BlackElo "2285"]
[EventDate "1991.08.??"]
[PlyCount "51"]

1.Nf3 Nf6 2.g3 e6 3.c4 d5 4.Bg2 Be7 5.O-O O-O 6.d4 dxc4 7.Qc2 a6 8.Qxc4 b5
9.Qc2 Bb7 10.Bg5 Nbd7 11.Bxf6 Nxf6 12.Nbd2 Rc8 13.Nb3 Be4 14.Qc1 c5 15.
dxc5 a5 16.a4 Qd5 17.Nxa5 Rxc5 18.Qe3 bxa4 19.b4 Rb5 20.Rxa4 Bxb4 21.Nb3 
Ng4 22.Qg5 Bxf3 23.Qxd5 Bxd5 24.Bxd5 exd5 25.Nd4 Rb6 26.Nc2 1/2-1/2

[Event "9th WCh U20 Girls"]
[Site "Mamaia ROM"]
[Date "1991.??.??"]
[Round "?"]
[White "Peptan, Corina-Isabela"]
[Black "Martin del Campo, Astrid"]
[Result "1-0"]
[WhiteElo "2050"]
[BlackElo "2260"]
[EventDate "1991.08.??"]
[PlyCount "67"]

1.e4 e5 2.Nf3 Nc6 3.Bc4 Bc5 4.c3 Nf6 5.d3 d6 6.b4 Bb6 7.O-O Ne7 8.Re1 Ng6 
9.Na3 O-O 10.Nc2 Qe7 11.d4 Be6 12.Bd3 h6 13.c4 a6 14.c5 Ba7 15.d5 Bd7 16.
cxd6 cxd6 17.Be3 Bxe3 18.Nxe3 Nf4 19.Bc2 Ng4 20.Nc4 b5 21.Nb2 Rac8 22.Nd3 
Nxd3 23.Bxd3 Nf6 24.Nd2 Rc3 25.Nf1 Rfc8 26.Ng3 Qd8 27.Qd2 Qc7 28.Ne2 Ra3 
29.Rec1 Qb7 30.Rxc8+ Qxc8 31.Rc1 Qb7 32.Nc3 Qc8 33.Nxb5 Rxd3 34.Rxc8+ 1-0

[Event "9th WCh U20 Girls"]
[Site "Mamaia ROM"]
[Date "1991.??.??"]
[Round "?"]
[White "Gjergji, Rozana"]
[Black "Csoke, Adrienn"]
[Result "1-0"]
[WhiteElo "2065"]
[BlackElo "2235"]
[EventDate "1991.08.??"]
[PlyCount "76"]

1.e4 c5 2.d4 cxd4 3.c3 dxc3 4.Nxc3 e6 5.Nf3 Nc6 6.Bc4 Bc5 7.Bf4 a6 8.a4 
Nge7 9.O-O d6 10.Rc1 O-O 11.Qe2 Ng6 12.Bg3 Nge5 13.Nxe5 dxe5 14.Qh5 Bd4 
15.Rfd1 Qe7 16.Rd3 Qb4 17.b3 f6 18.Qg4 Qe7 19.Bh4 Na5 20.Ne2 Nxc4 21.Rxc4 
b5 22.Rc1 bxa4 23.bxa4 Rb8 24.Nxd4 exd4 25.e5 Kh8 26.Qxd4 Rb4 27.exf6 gxf6
28.Bxf6+ Rxf6 29.Rxc8+ Kg7 30.Rg3+ Kf7 31.Qd1 Rf5 32.Qa1 Qf6 33.Rc7+ Kf8 
34.Rgc3 Rb8 35.Rxh7 Kg8 36.Ra7 Rxf2 37.Rg3+ Kf8 38.Qa3+ Ke8 1-0

[Event "9th WCh U20 Girls"]
[Site "Mamaia ROM"]
[Date "1991.??.??"]
[Round "?"]
[White "Berntsen, Sheila Barth"]
[Black "Repkova, Eva"]
[Result "0-1"]
[WhiteElo "2125"]
[BlackElo "2170"]
[EventDate "1991.08.??"]
[PlyCount "62"]

1.d4 Nf6 2.Nf3 g6 3.Bf4 Bg7 4.e3 d6 5.h3 O-O 6.c4 Nfd7 7.Nc3 c5 8.Be2 Nc6 
9.Qd2 a6 10.O-O Rb8 11.Rab1 b6 12.a3 a5 13.Na2 Ra8 14.b4 axb4 15.axb4 e5 
16.dxe5 dxe5 17.Bg5 f6 18.Bh4 e4 19.Nh2 Nde5 20.Qc2 g5 21.Bg3 f5 22.f4 
exf3 23.Nxf3 f4 24.Bh2 Bf5 25.e4 Nxf3+ 26.Bxf3 Nd4 27.Qf2 Nxf3+ 28.Qxf3 
Qd4+ 29.Kh1 Bxe4 30.Qb3 Bxb1 31.Rxb1 Rfe8 0-1

[Event "9th WCh U20 Girls"]
[Site "Mamaia ROM"]
[Date "1991.??.??"]
[Round "?"]
[White "Deno, Mara"]
[Black "Lewandowska, Katarzyna"]
[Result "1-0"]
[WhiteElo "2150"]
[BlackElo "2145"]
[EventDate "1991.08.??"]
[PlyCount "105"]

1.e4 c5 2.Nf3 Nc6 3.d4 cxd4 4.Nxd4 Nf6 5.Nc3 e5 6.Ndb5 d6 7.Nd5 Nxd5 8.
Qxd5 Be6 9.Qd1 a6 10.Nc3 Be7 11.Be3 b5 12.Nd5 Bxd5 13.Qxd5 Nb4 14.Bxb5+ 
Kf8 15.Qb3 d5 16.Bd3 Rb8 17.O-O d4 18.Bc1 g5 19.a3 Nxd3 20.Qxd3 Kg7 21.
Qxa6 Qc7 22.Qd3 Rhc8 23.Qg3 Kh8 24.b3 f6 25.Ra2 Qa5 26.Qd3 Bb4 27.Qf3 Rb6 
28.h4 h6 29.hxg5 fxg5 30.Qf5 Rbc6 31.Qh3 Kg7 32.Qd7+ Kg8 33.g3 Bf8 34.Kg2 
R8c7 35.Qd8 Qb5 36.a4 Qb7 37.Ba3 Qc8 38.Qd5+ Qe6 39.Qxe6+ Rxe6 40.Bxf8 
Kxf8 41.Rd1 Rec6 42.Rd2 Ke7 43.f4 gxf4 44.gxf4 exf4 45.Kf3 Ke6 46.Rxd4 
Rc3+ 47.Rd3 Ke5 48.b4 h5 49.a5 h4 50.a6 h3 51.Ra5+ Ke6 52.Rh5 Rxc2 53.Rxh3
1-0

[Event "9th WCh U20 Girls"]
[Site "Mamaia ROM"]
[Date "1991.??.??"]
[Round "?"]
[White "Domuta, Adriana"]
[Black "Martin del Campo, Astrid"]
[Result "1-0"]
[WhiteElo "2035"]
[BlackElo "2260"]
[EventDate "1991.08.??"]
[PlyCount "113"]

1.e4 e5 2.Nf3 Nc6 3.Bc4 Bc5 4.c3 Nf6 5.d3 d6 6.Bb3 a6 7.Nbd2 Ba7 8.h3 Ne7 
9.Nf1 Ng6 10.Ng3 O-O 11.O-O c6 12.d4 Re8 13.Be3 h6 14.Qc2 Be6 15.Rad1 Bxb3
16.axb3 Qc7 17.Rd2 d5 18.exd5 Nxd5 19.Nf5 e4 20.Nh2 Qd7 21.Ng3 f5 22.c4 
Nb4 23.Qc3 Nd3 24.f4 Rad8 25.Ne2 Qe7 26.Nc1 Nxc1 27.Qxc1 Rd7 28.Qe1 Red8 
29.Qd1 Qf6 30.c5 Ne7 31.Re1 Nd5 32.Nf1 Nxe3 33.Nxe3 Rxd4 34.Rxd4 Rxd4 35.
Qc2 g6 36.g3 Qd8 37.Re2 Rd3 38.Qc4+ Kf8 39.Qe6 Qe8 40.Qf6+ Qf7 41.Qh8+ Ke7
42.b4 Qf8 43.Qh7+ Qf7 44.Qh8 a5 45.Qa8 Bxc5 46.bxc5 Qb3 47.Kf2 Qb4 48.Qg8 
Rxe3 49.Rxe3 Qd2+ 50.Re2 Qd4+ 51.Kg2 Qd3 52.Qg7+ Ke8 53.Qxg6+ Ke7 54.Qg7+ 
Ke8 55.Qe5+ Kf7 56.Qxf5+ Kg7 57.Qxe4 1-0

[Event "9th WCh U20 Girls"]
[Site "Mamaia ROM"]
[Date "1991.??.??"]
[Round "?"]
[White "Limbach, Renate"]
[Black "Deno, Mara"]
[Result "1-0"]
[WhiteElo "2145"]
[BlackElo "2150"]
[EventDate "1991.08.??"]
[PlyCount "65"]

1.e4 c5 2.c3 d5 3.exd5 Qxd5 4.d4 Nf6 5.Nf3 Nc6 6.Be2 Bg4 7.h3 Bh5 8.O-O e6
9.Bf4 Rd8 10.Be3 cxd4 11.cxd4 Be7 12.Nc3 Qd6 13.Qa4 O-O 14.Rfd1 a6 15.a3 
Nd5 16.Nxd5 Qxd5 17.Rac1 Bf6 18.Rc5 Qd7 19.Rxh5 b6 20.Qxa6 Na7 21.Qxb6 Rb8
22.Qa6 Rxb2 23.Ra5 Nc6 24.Ne5 Bxe5 25.dxe5 Qc8 26.Rc5 Qxa6 27.Bxa6 Ne7 28.
a4 h6 29.Rb5 Ra2 30.Bc5 Re8 31.Bxe7 Rxe7 32.Rb8+ Kh7 33.Bb5 1-0

[Event "9th WCh U20 Girls"]
[Site "Mamaia ROM"]
[Date "1991.??.??"]
[Round "?"]
[White "Regan, Natasha"]
[Black "Claus, Caroline"]
[Result "1-0"]
[WhiteElo "2195"]
[BlackElo "2100"]
[EventDate "1991.08.??"]
[PlyCount "41"]

1.f4 d5 2.Nf3 Nf6 3.g3 g6 4.Bg2 Bg7 5.d3 O-O 6.O-O c5 7.Qe1 Nc6 8.h3 Qc7 
9.g4 d4 10.Na3 Nd5 11.Ng5 Ne3 12.Bxe3 dxe3 13.c3 e6 14.Nc4 Rb8 15.Nxe3 b5 
16.f5 exf5 17.gxf5 Qe5 18.Ng4 Qe8 19.Qh4 h5 20.f6 Bxg4 21.fxg7 1-0

[Event "9th WCh U20 Girls"]
[Site "Mamaia ROM"]
[Date "1991.??.??"]
[Round "?"]
[White "Kunte, Mrunalini"]
[Black "Radu, Elena-Luminita"]
[Result "1-0"]
[WhiteElo "2020"]
[BlackElo "2270"]
[EventDate "1991.08.??"]
[PlyCount "107"]

1.d4 Nf6 2.c4 e5 3.dxe5 Ng4 4.Nf3 Bc5 5.e3 Nc6 6.Be2 Ngxe5 7.O-O O-O 8.a3 
a5 9.Nc3 Nxf3+ 10.Bxf3 Ne5 11.Be2 Re8 12.b3 d6 13.Bb2 Bd7 14.Nd5 Bc6 15.
Bd4 Bxd5 16.cxd5 c6 17.dxc6 Nxc6 18.Bxc5 dxc5 19.Rc1 Qe7 20.Bb5 Rec8 21.
Qd5 Na7 22.Be2 Rc7 23.Rfd1 g6 24.a4 Rb8 25.Qd2 b6 26.g3 Nc6 27.Kg2 Re8 28.
Qd6 Rb8 29.Qxe7 Nxe7 30.g4 h6 31.Rd6 Kg7 32.Rcd1 Nc6 33.Rd7 Rxd7 34.Rxd7 
Kf8 35.f4 Ke8 36.Rc7 Nd8 37.Bb5+ Kf8 38.Kf3 Rb7 39.Rc8 Ke7 40.Ke4 f6 41.
Kd5 f5 42.g5 h5 43.h4 c4 44.bxc4 Ra7 45.Bc6 Ra6 46.Rc7+ Kf8 47.Rd7 Ke8 48.
Rd6+ Nxc6 49.Rxc6 Ra7 50.Rc8+ Ke7 51.Kc6 Ke6 52.Kxb6 Rd7 53.Rc6+ Ke7 54.
Rc7 1-0

[Event "9th WCh U20 Girls"]
[Site "Mamaia ROM"]
[Date "1991.??.??"]
[Round "?"]
[White "Lewandowska, Katarzyna"]
[Black "Limbach, Renate"]
[Result "1/2-1/2"]
[WhiteElo "2145"]
[BlackElo "2145"]
[EventDate "1991.08.??"]
[PlyCount "92"]

1.d4 d5 2.c4 e6 3.Nc3 c5 4.cxd5 cxd4 5.Qxd4 Nc6 6.Qa4 exd5 7.Nf3 d4 8.Nb5 
Bb4+ 9.Bd2 Bxd2+ 10.Nxd2 Nge7 11.Nf3 O-O 12.Nbxd4 Nxd4 13.Qxd4 Qa5+ 14.Qd2
Qb6 15.e3 Rd8 16.Nd4 Nc6 17.Rd1 Nxd4 18.exd4 Re8+ 19.Be2 Bg4 20.f3 Be6 21.
b3 Rad8 22.O-O Rd7 23.Qc3 Red8 24.Qc5 Rxd4 25.Qxb6 axb6 26.Kf2 Kf8 27.Rxd4
Rxd4 28.Rd1 Rxd1 29.Bxd1 Ke7 30.Ke3 Kd6 31.Kd4 b5 32.a3 h6 33.b4 b6 34.f4 
f6 35.Bh5 Bd7 36.Be2 Bc6 37.g4 g5 38.Ke3 Ke6 39.Bd3 Kd6 40.Be4 Bd7 41.h3 
Be6 42.fxg5 hxg5 43.Kd4 Bd7 44.Bb7 f5 45.gxf5 Bxf5 46.Bg2 Bd7 1/2-1/2

[Event "9th WCh U20 Girls"]
[Site "Mamaia ROM"]
[Date "1991.??.??"]
[Round "?"]
[White "Martin del Campo, Astrid"]
[Black "Villegas, Sandra"]
[Result "0-1"]
[WhiteElo "2260"]
[BlackElo "2025"]
[EventDate "1991.08.??"]
[PlyCount "56"]

1.e4 e6 2.d4 d5 3.Nd2 Nf6 4.e5 Nfd7 5.Bd3 c5 6.c3 Nc6 7.Ne2 cxd4 8.cxd4 f6
9.f4 fxe5 10.fxe5 Nxd4 11.O-O Bc5 12.Nxd4 Bxd4+ 13.Kh1 Bxe5 14.Qh5+ g6 15.
Bxg6+ hxg6 16.Qxg6+ Ke7 17.Ne4 Rxh2+ 18.Kg1 Qb6+ 19.Rf2 dxe4 20.Bg5+ Kd6 
21.Qxe4 Rh1+ 22.Kxh1 Qxf2 23.Qd3+ Qd4 24.Qc2 Qc5 25.Rd1+ Bd4 26.Bf4+ Kc6 
27.Qe4+ Qd5 28.Rc1+ Nc5 0-1

[Event "9th WCh U20 Girls"]
[Site "Mamaia ROM"]
[Date "1991.??.??"]
[Round "?"]
[White "Paasikangas, Johanna"]
[Black "Gjergji, Rozana"]
[Result "1/2-1/2"]
[WhiteElo "2205"]
[BlackElo "2065"]
[EventDate "1991.08.??"]
[PlyCount "91"]

1.d4 Nf6 2.c4 e6 3.Nf3 d5 4.e3 c6 5.b3 Nbd7 6.Nbd2 b6 7.Bd3 Bb7 8.O-O Bd6 
9.Bb2 O-O 10.Ne5 Ne8 11.f4 f5 12.g4 Bxe5 13.dxe5 h6 14.gxf5 exf5 15.Qh5 
dxc4 16.Nxc4 b5 17.Bxf5 bxc4 18.Qg6 Ndf6 19.exf6 Nxf6 20.Rad1 Qe8 21.Qg3 
cxb3 22.axb3 Qf7 23.e4 c5 24.Bg6 Qe6 25.e5 Ne4 26.Bxe4 Bxe4 27.Rd6 Qe7 28.
Rxh6 Bf5 29.Rd6 a5 30.Ba3 Rac8 31.Qe3 Qh4 32.Rc1 Bh3 33.Qg3 Rxf4 34.Qxh4 
Rxh4 35.Rxc5 Rxc5 36.Bxc5 Rf4 37.Rd1 Rg4+ 38.Kf2 Rg2+ 39.Kf3 Rxh2 40.Kg3 
Rc2 41.b4 Rc3+ 42.Kf4 axb4 43.Bxb4 Rc4+ 44.Kg3 Rxb4 45.Kxh3 Re4 46.Rd5 
1/2-1/2